So sah ich die Sowjetunion : (Titelsatznr. 30752)
[ MARC ]
| 000 -Satzkennung | |
|---|---|
| Kontrollfeld mit fester Länge | 00518nam a22001811c 4500 |
| 001 - Kontrollnummer | |
| Kontrollfeld | a987693847 |
| 008 - Feld mit fester Länge zur physischen Beschreibung - Allgemeine Angaben | |
| Kontrollfeld mit fester Länge | 200423s1953 gw a||| 000u ger d |
| 041 ## - Sprachcode | |
| Sprachcode des Textes/der Tonspur oder des separaten Titels | ger |
| 040 ## - Katalogisierungsquelle | |
| Übertragungsstelle | RU-10907106 |
| 003 - Kontrollnummer Identifier | |
| Kontrollfeld | RU-10907106 |
| 100 1# - Haupteintragung - Personenname | |
| Personenname | Visser, Philips Christiaan |
| 240 10 - Einheitstitel | |
| Einheitstitel | Mijn indrukken uit de Sovjet-Unie |
| 245 00 - Titel | |
| Titel | So sah ich die Sowjetunion : |
| Zusatz zum Titel | Eindrücke aus dem heutigen Rußland |
| 264 ## - Produktion, Veröffentlichung, Distribution, Herstellung und Urheberrechtsvermerk | |
| Herstellungs-, Veröffentlichungs- Vertriebs-, Erzeugungsort | Frauenfeld : |
| Produzent, Herausgeber, Distributor, Hersteller | Huber, |
| Datum der Herstellung, der Veröffentlichung, des Vertriebs oder des Urheberschutzvermerks | 1953 |
| 300 ## - Physische Beschreibung | |
| Umfang | 167 Seiten : Illustrationen |
| 651 #0 - Nebeneintragung unter einem Schlagwort - Geografischer Name | |
| Geografischer Name | Sowjetunion |
| 942 ## - Zusätzliche Felder (Koha) | |
| Koha-Medientyp | Monographien |
| Ausgeschieden | Verloren | Klassifikation oder Aufstellungssystematik | Beschädigt | Nicht entleihbar | Heimatbibliothek | Aufenthaltsbibliothek | Aufstellungsort | Erwerbungsdatum | Inventarnummer | Signatur | Barcode | Letzte Aktivität | Preis gültig von | Koha-Medientyp |
|---|---|---|---|---|---|---|---|---|---|---|---|---|---|---|
| Andere/Generische Klassifikation | MWN Osteuropa | MWN Osteuropa | Magazin - 2 | 23/04/2020 | 21-00552 | R 63 k Vis | E0040150790EF050 | 12/04/2021 | 22/03/2021 | Monographien |